Central Library OPAC University of Rajshahi

Anna of the Five Towns : (Record no. 18580)

MARC details
000 -LEADER
fixed length control field 00726cam a22002412 4500
001 - CONTROL NUMBER
control field 18580
003 - CONTROL NUMBER IDENTIFIER
rucl marc code BD-RjUL
005 - DATE AND TIME OF LATEST TRANSACTION
control field 20211209000315.0
008 - FIXED-LENGTH DATA ELEMENTS--GENERAL INFORMATION
fixed length control field 140220r19611912gw 000 0 eng d
035 ## - SYSTEM CONTROL NUMBER
System control number (BD-RjUL)18638
040 ## - CATALOGING SOURCE
Original cataloging agency DLC
Transcribing agency CarP
Modifying agency DLC
-- BD-RjUL
Language of cataloging eng
041 ## - LANGUAGE CODE
Language code of text/sound track or separate title eng
082 00 - DEWEY DECIMAL CLASSIFICATION NUMBER
Classification number 823.91
Author mark and year BEA 1961
100 1# - MAIN ENTRY--PERSONAL NAME
Personal name Bennett, Arnold,
Dates associated with a name 1867-1931.
9 (RLIN) 56512
245 10 - TITLE STATEMENT
Title Anna of the Five Towns :
Remainder of title a novel /
Statement of responsibility, etc. Arnold, Bennett,
260 ## - PUBLICATION, DISTRIBUTION, ETC. (IMPRINT)
Place of publication, distribution, etc. Leipzig :
Name of publisher, distributor, etc. B. Tauchnitz,
Date of publication, distribution, etc. 1912. [Reprinted 1961]
300 ## - PHYSICAL DESCRIPTION
Pagination 294 p. ;
Size 16 cm.
650 #0 - SUBJECT ADDED ENTRY--TOPICAL TERM
Topical term or geographic name as entry element Pottery industry
General subdivision Fiction.
9 (RLIN) 56513
651 #0 - SUBJECT ADDED ENTRY--GEOGRAPHIC NAME
Geographic name Staffordshire (England)
General subdivision Fiction.
9 (RLIN) 56514
942 ## - ADDED ENTRY ELEMENTS (KOHA)
Source of classification or shelving scheme Dewey Decimal Classification
Koha item type Books
Holdings
Lost status Source of classification or shelving scheme Damaged status Not for loan Collection code Permanent Location Current Location Shelving location Date acquired Source of acquisition Cost, normal purchase price Total Checkouts Full call number Date last seen Copy number Koha item type
  Dewey Decimal Classification   Not For Loan Fiction Central Library, University of Rajshahi Central Library, University of Rajshahi Reading Room 10/03/1964 Zeithlinger. 12.00   823.91 BEA 1961 20/02/2014 C-1 Books